Rappers by Song - Statistics

General Stats
  • This quiz has been taken 1,046 times
  • The average score is 11 of 15
Answer Stats
Hint Answer % Correct
Still Dre Dr. Dre
96%
Lucid Dreams Juice WRLD
96%
Not Like Us Kendrick Lamar
94%
Sicko Mode Travis Scott
93%
Drop it like it’s Hot Snoop Dogg
89%
Gold Digger Kanye West
86%
It was a Good Day Ice Cube
80%
Jocelyn Flores Xxxtentacion
79%
Without Me Eminem
78%
Murder On My Mind YNW Melly
76%
Crazy Story King Von
63%
Juicy The Notorious B.I.G.
55%
Dear Mama Tupac
46%
Hard Knock Life Jay-Z
39%
Falling Down Lil Peep
39%
No matching quizzes found
Score Distribution
Percent of People with Each Score
Percentile by Number Answered
Your Score History
You have not taken this quiz